NBA Players by Letter - K - Statistics

General Stats
  • This quiz has been taken 18 times
  • The average score is 4 of 15
Answer Stats
Team Answer % Correct
Bucks Kyle Korver
85%
Pistons Louis King
54%
Pistons Brandon Knight
38%
Lakers Kyle Kuzma
38%
Celtics Enes Kanter
31%
Knicks Kevin Knox II
23%
Suns Frank Kaminsky
15%
76ers Furkan Korkmaz
15%
Pistons Luke Kennard
15%
Bulls Luke Kornet
15%
Mavericks Maxi Kleber
15%
Nets Rodions Kurucs
15%
Clippers Mfiondu Kabengele
8%
Hornets Michael Kidd-Gilchrist
8%
Grizzlies John Konchar
0%
No matching quizzes found
Score Distribution
Percent of People with Each Score
Percentile by Number Answered
Your Score History
You have not taken this quiz